000 00696nam a2200205Ia 4500
003 GCL
008 140319s9999 xx 000 0 ara d
040 _aGCL /
_cGCL
082 0 4 _a956.902
_bع ص
100 1 _aعاصم الدسوقى
245 1 0 _aالصهيونية والقضية الفلسطينية فى الكونجرس الامريكى 1945-1943م /
_cعاصم الدسوقى
260 _a[S.N] :
_bدار الملك عبد العزيز ،
_c1983
300 _a172 ص
490 _a
650 0 4 _aالولايات المتحدة الامريكية
650 0 4 _aالقضية الفلسطينية
650 0 4 _aالصهيونية
650 0 4 _aالكونجرس
942 _2ddc
_cBK
999 _c36005
_d36005